Their excellenies. (Record no. 12601)
[ view plain ]
| 000 -LEADER | |
|---|---|
| fixed length control field | 00585cam a22002052 4500 |
| 001 - CONTROL NUMBER | |
| control field | 0000001553 |
| 005 - DATE AND TIME OF LATEST TRANSACTION | |
| control field | 20151217155811.0 |
| 008 - FIXED-LENGTH DATA ELEMENTS--GENERAL INFORMATION | |
| fixed length control field | 070315s xx 000 0 eng d |
| 040 ## - CATALOGING SOURCE | |
| Original cataloging agency | KABU |
| Transcribing agency | KABU |
| 050 #0 - LIBRARY OF CONGRESS CALL NUMBER | |
| Classification number | BV3625 |
| Item number | .K4W75 |
| 100 1# - MAIN ENTRY--PERSONAL NAME | |
| Personal name | Wright, William Joseph. |
| -- | 0000150390 |
| 245 10 - TITLE STATEMENT | |
| Title | Their excellenies. |
| 260 ## - PUBLICATION, DISTRIBUTION, ETC. (IMPRINT) | |
| Place of publication, distribution, etc. | Leicester : |
| Name of publisher, distributor, etc. | Edgar Backus, |
| Date of publication, distribution, etc. | [19?]. |
| 300 ## - PHYSICAL DESCRIPTION | |
| Extent | ix, 107 p. |
| 600 10 - SUBJECT ADDED ENTRY--PERSONAL NAME | |
| Personal name | Wright, William Joseph. |
| -- | 0000150390 |
| 650 #0 - SUBJECT ADDED ENTRY--TOPICAL TERM | |
| Topical term or geographic name as entry element | Missions |
| Geographic subdivision | Kenya. |
| -- | 0000150391 |
| 908 ## - PUT COMMAND PARAMETER (RLIN) | |
| Put command parameter | 070315 |
| 950 ## - LOCAL HOLDINGS (RLIN) | |
| -- | 1 |
| Withdrawn status | Lost status | Source of classification or shelving scheme | Not for loan | Home library | Current library | Date acquired | Total Checkouts | Full call number | Barcode | Date last seen | Price effective from | Koha item type |
|---|---|---|---|---|---|---|---|---|---|---|---|---|
| Library of Congress Classification | Kabarak, Main Campus | Kabarak, Main Campus | 17/12/2015 | BV3625 .K4W75 | 006405 | 17/12/2015 | 17/12/2015 | Africana Collection |